<?xml version="1.0" encoding="UTF-8"?>
<record
    xmlns:xsi="http://www.w3.org/2001/XMLSchema-instance"
    xsi:schemaLocation="http://www.loc.gov/MARC21/slim http://www.loc.gov/standards/marcxml/schema/MARC21slim.xsd"
    xmlns="http://www.loc.gov/MARC21/slim">

  <leader>01152nam a22002657a 4500</leader>
  <controlfield tag="001">76093</controlfield>
  <controlfield tag="003">BD-RjUL</controlfield>
  <controlfield tag="005">20211209082805.0</controlfield>
  <controlfield tag="008">191024s19591951   ||||| |||| 00| 0 ara d</controlfield>
  <datafield tag="035" ind1=" " ind2=" ">
    <subfield code="a">(BD-RjUL)76313</subfield>
  </datafield>
  <datafield tag="040" ind1=" " ind2=" ">
    <subfield code="a">BD-RjUL</subfield>
    <subfield code="b">eng</subfield>
    <subfield code="c">BD-RjUL</subfield>
  </datafield>
  <datafield tag="041" ind1=" " ind2=" ">
    <subfield code="a">ara</subfield>
  </datafield>
  <datafield tag="082" ind1=" " ind2=" ">
    <subfield code="2">23</subfield>
    <subfield code="a">953</subfield>
    <subfield code="b">ALT 1951-1959</subfield>
  </datafield>
  <datafield tag="100" ind1=" " ind2=" ">
    <subfield code="a">Ali, jawad &#x62C;&#x648;&#x627;&#x62F;,  &#x639;&#x644;&#x649; </subfield>
    <subfield code="9">234023</subfield>
  </datafield>
  <datafield tag="245" ind1=" " ind2=" ">
    <subfield code="a">&#x62A;&#x627;&#x631;&#x64A;&#x62E; &#x627;&#x644;&#x639;&#x631;&#x628; &#x642;&#x628;&#x644;&#x627;&#x627;&#x644;&#x627;&#x633;&#x644;&#x627;&#x645;) tarikh al Arab qablaal Islam /</subfield>
    <subfield code="c">jawad Ali ;; &#x62C;&#x648;&#x627;&#x62F; &#x639;&#x644;&#x649;</subfield>
  </datafield>
  <datafield tag="260" ind1=" " ind2=" ">
    <subfield code="a"> &#x627;&#x644;&#x639;&#x631;&#x627;&#x642;&#x649;:</subfield>
    <subfield code="b"> ; &#x645;&#x637;&#x628;&#x648;&#x639;&#x627;&#x62A; &#x627;&#x644;&#x645;&#x62C;&#x645;&#x639; &#x627;&#x644;&#x639;&#x633;&#x644;&#x645;&#x64A;</subfield>
    <subfield code="c">1952</subfield>
  </datafield>
  <datafield tag="300" ind1=" " ind2=" ">
    <subfield code="a">v. 1-8</subfield>
    <subfield code="c">23 cm.</subfield>
  </datafield>
  <datafield tag="504" ind1=" " ind2=" ">
    <subfield code="a">Includes Index</subfield>
  </datafield>
  <datafield tag="505" ind1=" " ind2=" ">
    <subfield code="a">&#x645;&#x636;&#x645;&#x648;&#x646;&#x647;: &#x627;&#x644;&#x62C;&#x632;&#x621; &#x661;-:&#x664; &#x627;&#x644;&#x642;&#x633;&#x645; &#x627;&#x644;&#x633;&#x64A;&#x627;&#x633;&#x649;. &#x661;&#x663;&#x667;&#x669;[&#x648;&#x627;&#x644;&#x635;&#x648;&#x627;&#x628; &#x661;&#x663;&#x666;&#x669;&#x647;&#x62C;] &#x661;&#x669;&#x665;&#x660;[&#x645;] - &#x661;&#x663;&#x667;&#x664;[&#x647;&#x62C;] &#x661;&#x669;&#x665;&#x664;[&#x645;]</subfield>
  </datafield>
  <datafield tag="505" ind1=" " ind2=" ">
    <subfield code="a">.&#x627;&#x644;&#x62C;&#x632;&#x621; &#x665;-:&#x666; &#x627;&#x644;&#x642;&#x633;&#x645; &#x627;&#x644;&#x62F;&#x64A;&#x646;&#x649;. &#x661;&#x663;&#x667;&#x664;[&#x647;&#x62C;] &#x661;&#x669;&#x665;&#x665;[&#x645;] - &#x661;&#x663;&#x667;&#x665;[&#x647;&#x62C;] &#x661;&#x669;&#x665;&#x666;[&#x645;]</subfield>
  </datafield>
  <datafield tag="505" ind1=" " ind2=" ">
    <subfield code="a">&#x627;&#x644;&#x62C;&#x632;&#x621; :&#x667; &#x627;&#x644;&#x642;&#x633;&#x645; &#x627;&#x644;&#x644;&#x63A;&#x648;&#x649;. &#x661;&#x663;&#x667;&#x666;[&#x647;&#x62C;] &#x661;&#x669;&#x665;&#x667;[&#x645;].</subfield>
  </datafield>
  <datafield tag="505" ind1=" " ind2=" ">
    <subfield code="a">&#x627;&#x644;&#x62C;&#x632;&#x621; :&#x668; &#x627;&#x644;&#x642;&#x633;&#x645; &#x627;&#x644;&#x627;&#x62C;&#x62A;&#x645;&#x627;&#x639;&#x649; &#x648;&#x627;&#x644;&#x62B;&#x642;&#x627;&#x641;&#x649;. &#x661;&#x663;&#x667;&#x668;[&#x647;&#x62C;] &#x661;&#x669;&#x665;&#x669;</subfield>
  </datafield>
  <datafield tag="650" ind1=" " ind2=" ">
    <subfield code="a">History</subfield>
    <subfield code="v">Arab</subfield>
    <subfield code="9">234024</subfield>
  </datafield>
  <datafield tag="942" ind1=" " ind2=" ">
    <subfield code="2">ddc</subfield>
    <subfield code="c">BK</subfield>
  </datafield>
  <datafield tag="999" ind1=" " ind2=" ">
    <subfield code="c">76093</subfield>
    <subfield code="d">76093</subfield>
  </datafield>
  <datafield tag="952" ind1=" " ind2=" ">
    <subfield code="0">0</subfield>
    <subfield code="1">0</subfield>
    <subfield code="2">ddc</subfield>
    <subfield code="4">0</subfield>
    <subfield code="7">1</subfield>
    <subfield code="8">NFIC</subfield>
    <subfield code="a">RUCL</subfield>
    <subfield code="b">RUCL</subfield>
    <subfield code="c">Reading</subfield>
    <subfield code="d">2019-10-24</subfield>
    <subfield code="l">0</subfield>
    <subfield code="o">A 953 ALT 1955 V: 5-6</subfield>
    <subfield code="r">2019-10-24 00:00:00</subfield>
    <subfield code="t">C-1</subfield>
    <subfield code="w">2021-12-09</subfield>
    <subfield code="y">BK</subfield>
  </datafield>
  <datafield tag="952" ind1=" " ind2=" ">
    <subfield code="0">0</subfield>
    <subfield code="1">0</subfield>
    <subfield code="2">ddc</subfield>
    <subfield code="4">0</subfield>
    <subfield code="7">1</subfield>
    <subfield code="8">NFIC</subfield>
    <subfield code="a">RUCL</subfield>
    <subfield code="b">RUCL</subfield>
    <subfield code="c">Reading</subfield>
    <subfield code="d">2021-09-16</subfield>
    <subfield code="l">0</subfield>
    <subfield code="o">A 953 ALT V-2 1952</subfield>
    <subfield code="r">2021-09-16 00:00:00</subfield>
    <subfield code="t">c-1</subfield>
    <subfield code="w">2021-09-16</subfield>
    <subfield code="y">BK</subfield>
  </datafield>
  <datafield tag="952" ind1=" " ind2=" ">
    <subfield code="0">0</subfield>
    <subfield code="1">0</subfield>
    <subfield code="2">ddc</subfield>
    <subfield code="4">0</subfield>
    <subfield code="7">1</subfield>
    <subfield code="8">NFIC</subfield>
    <subfield code="a">RUCL</subfield>
    <subfield code="b">RUCL</subfield>
    <subfield code="c">Reading</subfield>
    <subfield code="d">2021-09-16</subfield>
    <subfield code="l">0</subfield>
    <subfield code="o">A 953 ALT V-3 1953</subfield>
    <subfield code="r">2021-09-16 00:00:00</subfield>
    <subfield code="t">c-1</subfield>
    <subfield code="w">2021-12-09</subfield>
    <subfield code="y">BK</subfield>
  </datafield>
  <datafield tag="952" ind1=" " ind2=" ">
    <subfield code="0">0</subfield>
    <subfield code="1">0</subfield>
    <subfield code="2">ddc</subfield>
    <subfield code="4">0</subfield>
    <subfield code="7">1</subfield>
    <subfield code="8">NFIC</subfield>
    <subfield code="a">RUCL</subfield>
    <subfield code="b">RUCL</subfield>
    <subfield code="c">Reading</subfield>
    <subfield code="d">2021-09-16</subfield>
    <subfield code="l">0</subfield>
    <subfield code="o">A 953 ALT V-4 1954</subfield>
    <subfield code="r">2021-09-16 00:00:00</subfield>
    <subfield code="t">c-1</subfield>
    <subfield code="w">2021-12-09</subfield>
    <subfield code="y">BK</subfield>
  </datafield>
  <datafield tag="952" ind1=" " ind2=" ">
    <subfield code="0">0</subfield>
    <subfield code="1">0</subfield>
    <subfield code="2">ddc</subfield>
    <subfield code="4">0</subfield>
    <subfield code="7">1</subfield>
    <subfield code="8">NFIC</subfield>
    <subfield code="a">RUCL</subfield>
    <subfield code="b">RUCL</subfield>
    <subfield code="c">Reading</subfield>
    <subfield code="d">1663-02-18</subfield>
    <subfield code="e">zeitlinger</subfield>
    <subfield code="l">0</subfield>
    <subfield code="o">A 953 ALT V-5 1955</subfield>
    <subfield code="r">2021-09-16 00:00:00</subfield>
    <subfield code="t">c-1</subfield>
    <subfield code="w">2021-12-09</subfield>
    <subfield code="y">BK</subfield>
  </datafield>
  <datafield tag="952" ind1=" " ind2=" ">
    <subfield code="0">0</subfield>
    <subfield code="1">0</subfield>
    <subfield code="2">ddc</subfield>
    <subfield code="4">0</subfield>
    <subfield code="7">1</subfield>
    <subfield code="8">NFIC</subfield>
    <subfield code="a">RUCL</subfield>
    <subfield code="b">RUCL</subfield>
    <subfield code="c">Reading</subfield>
    <subfield code="d">2021-09-16</subfield>
    <subfield code="l">0</subfield>
    <subfield code="o">A 953 ALT V-7 1957</subfield>
    <subfield code="r">2021-09-16 00:00:00</subfield>
    <subfield code="t">c-1</subfield>
    <subfield code="w">2021-12-09</subfield>
    <subfield code="y">BK</subfield>
  </datafield>
  <datafield tag="952" ind1=" " ind2=" ">
    <subfield code="0">0</subfield>
    <subfield code="1">0</subfield>
    <subfield code="2">ddc</subfield>
    <subfield code="4">0</subfield>
    <subfield code="7">0</subfield>
    <subfield code="8">NFIC</subfield>
    <subfield code="a">RUCL</subfield>
    <subfield code="b">RUCL</subfield>
    <subfield code="c">Stack</subfield>
    <subfield code="d">2021-09-16</subfield>
    <subfield code="l">0</subfield>
    <subfield code="o">A 953 ALT V-7 1957</subfield>
    <subfield code="r">2021-09-16 00:00:00</subfield>
    <subfield code="t">c-2</subfield>
    <subfield code="w">2021-12-09</subfield>
    <subfield code="y">BK</subfield>
  </datafield>
  <datafield tag="952" ind1=" " ind2=" ">
    <subfield code="0">0</subfield>
    <subfield code="1">0</subfield>
    <subfield code="2">ddc</subfield>
    <subfield code="4">0</subfield>
    <subfield code="7">1</subfield>
    <subfield code="8">NFIC</subfield>
    <subfield code="a">RUCL</subfield>
    <subfield code="b">RUCL</subfield>
    <subfield code="c">Reading</subfield>
    <subfield code="d">2021-09-16</subfield>
    <subfield code="l">0</subfield>
    <subfield code="o">A 953 ALT V-8 1959</subfield>
    <subfield code="r">2021-09-16 00:00:00</subfield>
    <subfield code="t">c-1</subfield>
    <subfield code="w">2021-12-09</subfield>
    <subfield code="y">BK</subfield>
  </datafield>
  <datafield tag="952" ind1=" " ind2=" ">
    <subfield code="0">0</subfield>
    <subfield code="1">0</subfield>
    <subfield code="2">ddc</subfield>
    <subfield code="4">0</subfield>
    <subfield code="7">0</subfield>
    <subfield code="8">NFIC</subfield>
    <subfield code="a">RUCL</subfield>
    <subfield code="b">RUCL</subfield>
    <subfield code="c">Stack</subfield>
    <subfield code="d">2021-09-16</subfield>
    <subfield code="l">0</subfield>
    <subfield code="o">A 953 ALT V-8 1959</subfield>
    <subfield code="r">2021-09-16 00:00:00</subfield>
    <subfield code="t">c-2</subfield>
    <subfield code="w">2021-12-09</subfield>
    <subfield code="y">BK</subfield>
  </datafield>
</record>
